| 000 | 00000nam##2200000za#4500 |
| 001 | 9.569311 |
| 003 | CaOODSP |
| 005 | 20210624181716 |
| 007 | cr ||||||||||| |
| 008 | 150406|1995||||xxc|||||o f|0| 0 eng|d |
| 040 | |aCaOODSP|beng |
| 043 | |an-cn--- |
| 086 | 1 |aNH15-218/1995E-PDF |
| 110 | 2 |aCanada Mortgage and Housing Corporation. |
| 245 | 10|aModelling of road noise and optimal barrier design / |h[electronic resource]|cby K. R. Fyfe and C. C. Harrison. |
| 260 | |aOttawa - Ontario : |bCanada Mortgage and Housing Corporation |cMarch 1995. |
| 300 | |a118p.|bfigs., graphs, references, tables |
| 490 | 1 |aResearch report |
| 590 | |a12-25-Supp|b2012-06-04 |
| 720 | 1 |aFyfe, K.R. |
| 720 | 1 |aHarrison, C.C. |
| 830 | #0|aResearch report (Canada Mortgage and Housing Corporation : Online)|w(CaOODSP)9.506068 |
| 856 | 40|ahttp://publications.gc.ca|qPDF|s2 MB|uhttps://publications.gc.ca/collections/collection_2011/schl-cmhc/nh18-1-2/NH15-218-1995-eng.pdf |